Zimné skloňovanie

Podrobná bibliografia
Hlavný autor: Turan, Ján, 1932-2021 (Autor)
Médium: Článok
Jazyk:slovenčina
ISSN:0139-8962
Predmet:

MARC

LEADER 00000nab a2200000 a 4500
001 vtls009467240
003 SK-MaSNL
005 20260303044545.0
008 090130 2009 xo m p 000 0 slo
015 |a SNBRB 2009/01 
038 |a KEKMK 
040 |a KEKMK  |b slo  |c KEKMK  |e AACR2 
041 |a slo 
044 |a xo  |c SK 
080 |a 82-93  |2 2001 
100 1 |a Turan, Ján,  |d 1932-2021  |4 aut  |9 88156 
245 1 0 |a Zimné skloňovanie  |c Ján Turan 
650 0 7 |a literatúra pre deti a mládež  |2 kekmk  |9 21893 
773 0 |t Zornička : časopis pre školákov  |g Roč. 61, č.5 január (2009), s.4  |x 0139-8962 
958 |a DB 
958 |a LX 
999 |c 1700749  |d 1702679